| 000 | 00901cam a2200217 4500 | ||
|---|---|---|---|
| 001 | ABS60772 | ||
| 008 | 000000n1999 000 0 eng u | ||
| 035 | _a(Sirsi) u101268 | ||
| 100 | _aWilliams, P. | ||
| 245 | _aFunding social housing: a sustainable market for private finance. | ||
| 260 | _c1999 | ||
| 490 |
_aHousing Finance _v(42) May 1999, 36-44(8) |
||
| 520 | _aAnalyses the prospects for private finance in the social housing sector in 1999/2000, particularly with regard to local authority stock transfer. Concludes that demand for private finance will continue to grow, and estimates a market for between £30bn and £40bn of private finance over the next ten years. | ||
| 650 | _aPRIVATE FINANCE INITIATIVE | ||
| 650 | _aSOCIAL HOUSING | ||
| 650 | _aPRIVATE FUNDING | ||
| 650 | _aHOUSING ASSOCIATIONS | ||
| 650 | _aLOCAL AUTHORITIES | ||
| 690 | _aHOUSING FINANCE | ||
| 942 | _n0 | ||
| 999 |
_c60421 _d60421 |
||